Thúc đẩy chuyển dịch cơ cấu kinh tế, chuyển đổi mô hình tăng trưởng kinh tế Thành phố Hồ Chí Minh theo hướng cạnh tranh

Cuốn sách là thành quả nghiên cứu của đội ngũ các nhà khoa học về kinh tế về đề tài tái cơ cấu kinh tế, chuyển đổi mô hình kinh tế ở Thành phố Hồ Chí Minh trên cơ sở lý luận và thực tiễn của các quốc gia phát triển kinh tế đô thị....

Πλήρης περιγραφή

Αποθηκεύτηκε σε:
Λεπτομέρειες βιβλιογραφικής εγγραφής
Κύριος συγγραφέας: Đào Duy Huân
Άλλοι συγγραφείς: Lương Minh Cừ (Chủ biên), Trần Nguyễn Ngọc Anh Thư (Biên soạn)
Μορφή: Βιβλίο
Γλώσσα:Vietnamese
Έκδοση: H. Chính trị quốc gia - sự thật 2015
Θέματα:
Ετικέτες: Προσθήκη ετικέτας
Δεν υπάρχουν, Καταχωρήστε ετικέτα πρώτοι!
Thư viện lưu trữ: Thư viện Trường Đại học Nam Cần Thơ
LEADER 01728nam a22002177a 4500
001 NCT_78739
008 200424b xxu||||| |||| 00| 0 vie d
999 |c 3843  |d 3843 
020 |a 9786045720233  |c 76000 
082 0 4 |2 23rd ed.  |a 338.959779  |b H502 
100 1 |a Đào Duy Huân 
245 1 0 |a Thúc đẩy chuyển dịch cơ cấu kinh tế, chuyển đổi mô hình tăng trưởng kinh tế Thành phố Hồ Chí Minh theo hướng cạnh tranh  |c Đào Duy Huân, Lương Minh Cừ (Chủ biên); Trần Nguyễn Ngọc Anh Thư (Biên soạn), ... 
260 |a H.  |b Chính trị quốc gia - sự thật  |c 2015 
300 |a 263 tr.  |c 21cm 
520 2 |a Cuốn sách là thành quả nghiên cứu của đội ngũ các nhà khoa học về kinh tế về đề tài tái cơ cấu kinh tế, chuyển đổi mô hình kinh tế ở Thành phố Hồ Chí Minh trên cơ sở lý luận và thực tiễn của các quốc gia phát triển kinh tế đô thị. Cuốn sách sẽ là tài liệu tham khảo hữu ích cho việc nghiên cứu hoạch định chính sách cũng như gợi mở hướng đi mới cho việc phát triển kinh tế Thành phố Hồ Chí Minh. 
653 |a Quản trị kinh doanh 
700 1 |a Lương Minh Cừ  |e Chủ biên 
700 1 |a Trần Nguyễn Ngọc Anh Thư  |e Biên soạn 
942 |2 ddc  |c BK 
952 |0 0  |1 0  |2 ddc  |4 0  |6 338_959779000000000_H502  |7 0  |9 19474  |a 000001  |b 000001  |d 2020-04-24  |o 338.959779 H502  |p MD.17125  |r 2020-04-24  |v 76000.00  |w 2020-04-24  |y BK 
980 |a Thư viện Trường Đại học Nam Cần Thơ